| 000 | 00690cam a2200277 4500 | ||
|---|---|---|---|
| 008 | 090401t1997 xxu||||| |||| 00| 0 eng d | ||
| 020 | _a0860174670 | ||
| 022 | _a0305408X | ||
| 035 | _a(Sirsi) u79244 | ||
| 041 | _aeng | ||
| 050 | _a625.734 | ||
| 100 | _aRamsbottom, D. | ||
| 245 | _aCulvert design manual. | ||
| 260 |
_aLondon _bCIRIA _c1997 |
||
| 300 | _a189p. : ill. ; 30cm. | ||
| 350 | _a68 | ||
| 490 |
_aCIRIA Report _v168 |
||
| 650 | _aDRAINAGE | ||
| 650 | _aWATER | ||
| 690 | _aBUILT ENVIRONMENT | ||
| 700 | _aDay, R. | ||
| 700 | _aRickard, C. | ||
| 710 |
_aConstruction Industry Research and Information Association _94810 |
||
| 942 | _n0 | ||
| 948 | _c25/06/1997 | ||
| 999 |
_c96512 _d96512 |
||